00485nam a22001572 4500001001100000005001700011008004100028020002600069040001500095050002200110100003500132245006200167260004300229300002100272650003400293000000307820151217151914.0070426s xx 000 0 eng d a8176637793 :cKES 350 aKABUcKABU 0aHG8051b.P36 19851 aPanda, Ghanashyam.@000015271110aPrinciples and practice of insurance /cGhanashyam Panda. aLudhiana :bKalyani Publishers,c1985. a675 p. ;c22 cm. 0aInsurancezIndia.@0000152712